01564agaaa2200301 45000010005000000030009000050050017000140070009000310080040000400400023000800410013001031000045001161300022001612400028001832450167002112460021003782500022003992600118004213000035005395080120005745110090006945200268007845380009010525460013010616500068010747000057011427000063011990818IT-RoPAU20220918181253.0d cvaizq50131s9999||||xx ||| | || ||und|| aIT-RoPAUcIT-RoPAU aITALIANO aHudson HughgCodice regista SPICS: 38840 aMOMENTI DI GLORIA aCHARIOTS OF FIREgT2651 aMOMENTI DI GLORIAcProdotto da: Puttman David -- Sceneggiatura: Wellard Colin -- Diretto da: Hudson HughpMOMENTI DI GLORIA (Rif. Codice opera principale : V0818) aCHARIOTS OF FIRE aEdizione Standard aGRAN BRETAGNA (STATI UNITI)bENIGMA / Distribuzione: SPF FIRENZEg"1980 (1° ed.: 1993 ; Ed. Lingua Orig.: 1980)" a16MMbsonoro, col.c124 minuti a"Fotografia: Watkin David; Montaggio: Rawlings Terry; Musica: Vangelis Papathanass; Sceneggiatura: Wellard Colin; " a"Cross Ben; Charleson Ian; Farrel Nicholas; Gerrol Daniel; Havers Nigel; Campbell C." aACCURATA RIEVOCAZIONE DELL'AGONISMO SPORTIVO ALLE OLIMPIADI DI PARIGI DEL 1924 TRA DUE ATLETI ABRAHAMS HAROLD FIGLIO DI UN EBREO ITALIANO E STUDENTE DI CAMBRIDGE E ERIC LIDDELL FIGLIO DI UN MISSIONARIO SCOZZESE IN ORIENTE. FILM A COLORI. PELLICOLA IN BUONO STATO. aMONO aITALIANO aBIOGRAFICOePELLICOLE CINEMA [16MM]xCodice MATERIA SPICS: 9955 aHudson Hugh e(regista)gCodice regista SPICS: 38840 aVangelis Papathanasse(musica)gCodice Musica SPICS: 11474